000 00817nas a2200265 454500
001 36707
005 20260407193509.0
008 260407s1978####ag###########|||spa#d
003 AR-UNSa-BCEJYS
040 _aAR-UNSa-BCEJYS
_bspa
_cAR-UNSa-BCEJYS
080 _a314
_xDemografía. Estudios de población
245 1 0 _aCuaderno del Cenep
022 _a0326-1905
264 1 _aBuenos Aires :
_bCENEP
_c1978
310 _aFrecuencia: Irregular
041 _aspa
942 _cSER
590 _aniveau_biblio:s niveau_hierar:1
100 1 _aCentro de Estudios de Población (CENEP)
650 _aDinámica de la población
650 _aInvestigación demográfica
650 _aDemografía
650 _aPoblación
856 4 1 _uhttps://170.210.207.44/pmb/images/revistas/R18990.jpg
_yImagen de portada
_qimage/jpeg
999 _c8796
_d8796